000 00294nam a22001217a 4500
020 _a9789380090030
082 _a333.794 SIN
100 _aSINHA, PRABHAS C
_964541
245 _aHANDBOOK OF ALTERNATE ENERGY
260 _aNEW DELHI
_bSBS PUBLISHERS
_c2009
300 _aXXII, 698P
942 _cBK
999 _c572997
_d572997